|
|
|
|
| LEADER |
01474nam a2200277 i 4500 |
| 001 |
10115952 |
| 003 |
upatras |
| 005 |
20240425125356.0 |
| 008 |
150429s1987 gr gre d |
| 952 |
|
|
|0 0
|1 0
|2 ddc
|4 0
|6 889_400000000000000_ΠΙΚ
|7 0
|9 328779
|a LISP
|b LISP
|c DON
|d 2021-09-23
|e ΓΑΛ
|i 143289
|l 0
|o 889.4 ΠΙΚ
|p 025000269402
|r 2021-09-23 00:00:00
|t 1
|v 2021.00
|w 2021-09-23
|y BKN
|
| 999 |
|
|
|c 184160
|d 184160
|
| 040 |
|
|
|a GR-PaULI
|c GR-PaULI
|b gre
|e AACR2
|
| 082 |
0 |
4 |
|a 889.4
|2 23
|
| 100 |
1 |
|
|a Πικιώνης, Δημήτρης,
|d 1887-1968
|e συγγραφέας
|9 7019
|
| 245 |
1 |
0 |
|a Κείμενα /
|c Δημήτρη Πικιώνη ; πρόλογος Ζήσιμου Λορεντζάτου ; επιμέλεια Αγνή Πικιώνη, Μιχάλης Παρούσης.
|
| 260 |
|
|
|a Αθήνα :
|b Μορφωτικό Ίδρυμα Εθνικής Τραπέζης,
|c 1987.
|
| 300 |
|
|
|a 310 σ.:
|b εικ.;
|c 24 εκ.
|
| 504 |
|
|
|a Περιλαμβάνει ευρετήριο.
|
| 650 |
|
4 |
|a Αρχιτεκτονική
|z Ελλάδα
|9 6375
|
| 650 |
|
4 |
|a Αρχιτεκτονική και λογοτεχνία
|9 12538
|
| 650 |
|
4 |
|a Ελληνικά δοκίμια
|9 142091
|
| 700 |
1 |
|
|a Παρούσης, Μιχάλης
|9 139097
|e επιμελητής
|
| 700 |
1 |
|
|a Πικιώνη, Αγνή
|9 8163
|e επιμελήτρια
|
| 700 |
1 |
|
|a Λορεντζάτος, Ζήσιμος,
|d 1915-2004
|9 2856
|e συγγραφέας εισαγωγής
|
| 942 |
|
|
|2 ddc
|c BKN
|
| 998 |
|
|
|c ΣΑΤΛΑΝΗΣ
|d 2021-09
|